The drug hang-up; America's fifty-year folly (Record no. 156)
[ view plain ]
| 000 -LEADER | |
|---|---|
| fixed length control field | 00515nam a2200193 a 4500 |
| 005 - DATE AND TIME OF LATEST TRANSACTION | |
| control field | 20260322212008.0 |
| 008 - FIXED-LENGTH DATA ELEMENTS--GENERAL INFORMATION | |
| fixed length control field | data |
| 010 ## - LIBRARY OF CONGRESS CONTROL NUMBER | |
| LC control number | 75-39810 |
| 020 ## - INTERNATIONAL STANDARD BOOK NUMBER | |
| International Standard Book Number | 0393010937 |
| 020 ## - INTERNATIONAL STANDARD BOOK NUMBER | |
| International Standard Book Number | 978-0-393-01093-0 |
| 096 ## - LOCALLY ASSIGNED NLM-TYPE CALL NUMBER (OCLC) | |
| Classification number | WM 270 K587d 1972 |
| 001 - CONTROL NUMBER | |
| control field | data |
| 100 1# - MAIN ENTRY--PERSONAL NAME | |
| Personal name | King, Rufus |
| 245 14 - TITLE STATEMENT | |
| Title | The drug hang-up; America's fifty-year folly |
| Statement of responsibility, etc. | Rufus King |
| 260 ## - PUBLICATION, DISTRIBUTION, ETC. | |
| Place of publication, distribution, etc. | Springfield, Ill. |
| Name of publisher, distributor, etc. | Charles C. Thomas |
| Date of publication, distribution, etc. | c1972 |
| 300 ## - PHYSICAL DESCRIPTION | |
| Extent | 389 p. |
| 500 ## - GENERAL NOTE | |
| General note | Includes bibliography. |
| 650 02 - SUBJECT ADDED ENTRY--TOPICAL TERM | |
| Topical term or geographic name entry element | Legislation, Drug |
| Geographic subdivision | United States |
| General subdivision | history |
| Withdrawn status | Lost status | Damaged status | Not for loan | Home library | Current library | Shelving location | Date acquired | Total checkouts | Full call number | Barcode | Date last seen | Price effective from | Koha item type |
|---|---|---|---|---|---|---|---|---|---|---|---|---|---|
| Pleasant Valley | Pleasant Valley | General stacks | 22/03/2026 | GEN | BC0010161 | 22/03/2026 | 22/03/2026 | Books |